00000000nam 2200000zi 4500
0019.941732
003CaOODSP
00520250110131944
006m     o  d f      
007cr |n|||||||||
008240415n2005    quca    o    f|0| 0 fre d
040 |aCaOODSP|bfre|erda|cCaOODSP
043 |an-cn-qu
0861 |aCW66-1538/2005F-PDF
24502|aL'étang : |bun milieu à conserver et à aménager.
264 1|aQuébec : |bCanards Illimités Canada, |c[2005]
300 |a1 ressource en ligne (2 pages) : |billustrations
336 |atexte|btxt|2rdacontent/fre
337 |ainformatique|bc|2rdamedia/fre
338 |aressource en ligne|bcr|2rdacarrier/fre
500 |aÉdition numérisée de l’imprimé [par Environnement et changement climatique Canada].
650 6|aÉcologie des étangs|zQuébec (Province)
650 6|aZones humides|xConservation|zQuébec (Province)
650 0|aPond ecology|zQuébec (Province)
650 0|aWetland conservation|zQuébec (Province)
7102 |aCanards illimités Canada, |eorganisme de publication.
85640|qPDF|s1.07 Mo|uhttps://publications.gc.ca/collections/collection_2025/eccc/cw66/CW66-1538-2005-fra.pdf